3つのヒントで市区町村を当てる - Statistics

General Stats
  • This quiz has been taken 6 times
  • The average score is 6 of 12
Answer Stats
Hint1 Hint2 Hint3 Answer % Correct
人口100万人以上 村と接する 海がない 札幌市
80%
名前に旧国名が入る 本土(四大島)に存在しない 漢字四文字 周防大島町
60%
都道府県内唯一の村 都道府県庁所在地と接する 鉄道駅がある 舟橋村
60%
北に海がある 中心駅にJRの本線が三つ乗り入れる 町村と接していない 大分市
60%
同名の町がある市 都道府県内二位の人口 乗り換え駅がない 阿南市
40%
半島の先端に位置する 都道府県庁所在地と接する 都道府県内二位の市と橋で繋がる 西海市
40%
空港がある 長距離フェリーのターミナルがある 都道府県庁所在地でない 北九州市
40%
面積1000㎢以上 鉄道駅がない 戦後一度も合併していない 別海町
40%
その都道府県で最初に市制施行した 大手私鉄二社が市内に駅を持つ 都道府県内二位の人口 川越市
40%
新幹線駅がある 平成の大合併で町から市になった 県内の市では人口最少 米原市
40%
人口10万人以上の市と接していない 町村と接していない 都道府県庁所在地 鹿児島市
40%
鉄道駅が一つだけある 県内三位の人口 市とひとつも接していない 倉吉市
20%
No matching quizzes found
Score Distribution
Percent of People with Each Score
Percentile by Number Answered
Your Score History
You have not taken this quiz